ბათუმის შოთა რუსთაველის სახელმწიფო უნივერსიტეტის ბიბლიოთეკა

სულხან-საბა ორბელიანის ლექსიკონის სიტყვანის თურქული თარგმანები (ბიბ.ჩანაწერი № 51186)

000 -LEADER
fixed length control field 01276nam a2200253Ia 4500
001 - CONTROL NUMBER
control field 18145
003 - CONTROL NUMBER IDENTIFIER
control field GE_BSU
008 - FIXED-LENGTH DATA ELEMENTS--GENERAL INFORMATION
fixed length control field 181216s||||||||xx |||||||||||||| ||und||
040 ## - CATALOGING SOURCE
Transcribing agency GE_BSU
080 ## - UNIVERSAL DECIMAL CLASSIFICATION NUMBER
Universal Decimal Classification number 81'374.822=353.1=512.161(038)
100 ## - MAIN ENTRY--PERSONAL NAME
Personal name აბულაძე, ცისანა
245 ## - TITLE STATEMENT
Title სულხან-საბა ორბელიანის ლექსიკონის სიტყვანის თურქული თარგმანები
250 ## - EDITION STATEMENT
Edition statement კ. კეკელიძის სახ. ხელნაწერთა ინ-ტი.
260 ## - PUBLICATION, DISTRIBUTION, ETC.
Place of publication, distribution, etc. თბილისი
260 ## - PUBLICATION, DISTRIBUTION, ETC.
Name of publisher, distributor, etc. მეცნიერება
260 ## - PUBLICATION, DISTRIBUTION, ETC.
Date of publication, distribution, etc. 1968
300 ## - PHYSICAL DESCRIPTION
Extent 257გვ. ; 22სმ.
300 ## - PHYSICAL DESCRIPTION
Accompanying material თურქულ სიტყვათა საძიებელი, გვ. 207-256.
520 ## - SUMMARY, ETC.
Summary, etc. რეზუმე რუს. ენ.., პარალ. სათ. რუს ენ.
653 ## - INDEX TERM--UNCONTROLLED
Uncontrolled term სულხან-საბა ორბელიანის ლექსიკონის სიტყვანის თურქული თარგმანები
653 ## - INDEX TERM--UNCONTROLLED
Uncontrolled term ქართული ლექსიკის თურქული შესატყვისები
942 ## - ADDED ENTRY ELEMENTS (KOHA)
Koha item type წიგნი
ეგზემპლარები
Withdrawn status Lost status Damaged status Not for loan Date acquired Barcode Date last seen Price effective from Koha item type
        2018-12-17 46266 2018-12-17 2018-12-17 წიგნი